000 00437nam a2200181Ia 4500
005 20250603144704.0
008 250603s9999 xx 000 0 und d
020 _a978125825X
050 _aPE 1128.A2 .M64/
100 _aMohammed, Hamza
245 0 _aComprehensive guide to english & communication skills
260 _aKaduna
260 _bRimamsa Press
260 _c2015
300 _a127 p
650 _aKaduna
942 _cBK
999 _c39662
_d39662